000 00571nam a22002177a 4500
003 UA-OsUOA
001 39673
007 ta
008 20060626b un ||||| |||| 00| 0 ukr d
100 _aНекрасов В.
090 _a82
_bН11
942 _cSA
040 _aUA-OsUOA
_bukr
_cUA-OsUOA
_dUA-OsUOA
245 _aЗнищення і реабілітація Бориса Пастернака
300 _aС.20
955 _a0
041 _aukr
080 _a82
773 0 _w39672
650 7 _a82 Література. Літературознавство
_2UDC
999 _c325813
_d325813